00695cam a2200205 a 4500001000500000005001700005020001500022040002300037050001400060082001100074100001600085245003300101260003700134300004500171505000800216520019300224521002000417521002000437650003200457375320240429150110.0 a0590138006 aDLCcDLCdDLCbeng00aPZ7.S724200a808.88 aSoto, Gary 00aTaking sides.cby Gary Soto  aNew York : bScholastic , c1991 a138 pages : billustrations ;c20 cm .  aR  aFourteen-year-old Lincoln Mendoza, an aspiring basketball player, must come to terms with his divided loyalties when he moves from the Hispanic inner city to a white suburban neighborhood. a750 bLexile  aR bRaz-Plus  0asports xrealistic fiction